ՀՀ Գիտությունների ազգային ակադեմիայի հիմնարար գիտական գրադարան  =   Fundamental Scientific Library of NAS RA

Материалы международного семинара "Активные процессы на Солнце и проблема солнечных нейтрино" (Ленинград, 25-27 сентября 1976 г.) : (Record no. 36420)

MARC details
000 -LEADER
fixed length control field 01455nam a2200253 a 4500
001 - CONTROL NUMBER
control field 000111659
003 - CONTROL NUMBER IDENTIFIER
control field AM-YEHGA
005 - DATE AND TIME OF LATEST TRANSACTION
control field 20250617122409.0
008 - FIXED-LENGTH DATA ELEMENTS--GENERAL INFORMATION
fixed length control field 990113s1976 ru a|||gr|||||00||0|rus d
040 ## - CATALOGING SOURCE
Original cataloging agency AM-YeHGA
041 0# - LANGUAGE CODE
Language code of text/sound track or separate title rus
090 ## - LOCALLY ASSIGNED LC-TYPE CALL NUMBER (OCLC); LOCAL CALL NUMBER (RLIN)
-- 36980
245 00 - TITLE STATEMENT
Title Материалы международного семинара "Активные процессы на Солнце и проблема солнечных нейтрино" (Ленинград, 25-27 сентября 1976 г.) :
Remainder of title 8-ой ленинградский международный семинар /
Statement of responsibility, etc. АН СССР, Физ.-техн. ин-т им. А.Ф. Иоффе ; [Под ред. В.А. Дергачева, Г.Е. Кочарова].
246 08 - VARYING FORM OF TITLE
Title proper/short title VIII ленинградский международный семинар
260 ## - PUBLICATION, DISTRIBUTION, ETC.
Place of publication, distribution, etc. Ленинград :
Name of publisher, distributor, etc. Б. и.,
Date of publication, distribution, etc. 1976.
300 ## - PHYSICAL DESCRIPTION
Extent 227 с. :
Other physical details ил.
650 14 - SUBJECT ADDED ENTRY--TOPICAL TERM
Topical term or geographic name entry element Солнечная активность
Form subdivision Сборники
650 14 - SUBJECT ADDED ENTRY--TOPICAL TERM
Topical term or geographic name entry element Нейтрино
Form subdivision Сборники
700 1# - ADDED ENTRY--PERSONAL NAME
Personal name Дергачев, В.А.
Relator term ред.
Relationship edt
700 1# - ADDED ENTRY--PERSONAL NAME
Personal name Кочаров, Г.Е.
Relator term ред.
Relationship edt
710 2# - ADDED ENTRY--CORPORATE NAME
Corporate name or jurisdiction name as entry element Физико-технический институт им. А.Ф. Иоффе АН СССР
711 2# - ADDED ENTRY--MEETING NAME
Meeting name or jurisdiction name as entry element "Активные процессы на Солнце и проблема солнечных нейтрино", международный семинар
Number of part/section/meeting (8 :
Date of meeting or treaty signing 1976 ;
Location of meeting Ленинград)
942 ## - ADDED ENTRY ELEMENTS (KOHA)
Source of classification or shelving scheme Universal Decimal Classification
Koha item type Գրքեր / Books
Holdings
Withdrawn status Lost status Damaged status Not for loan Collection Home library Current library Date acquired Total checkouts Full call number Barcode Date last seen Price effective from Koha item type Public note
        General Fundamental Scientific Library Fundamental Scientific Library 21/12/2016   РII/391117 FL0386404 21/12/2016 21/12/2016 Գրքեր / Books 30 Days Loan


ՀՀ ԳԱԱ հիմնարար գիտական գրադարան
ՀՀ,Երևան 0019
Մարշալ Բաղրամյան 24/6
հեռախոս:(374-10) 52-47-50
Հետադարձ կապ

All site content, except where otherwise noted, is licensed under a
Creative Commons License